000 00727nam a2200253Ia 4500
003 GCL
008 140319s9999 xx 000 0 ara d
040 _aGCL /
_cGCL
082 0 4 _a749.1
_bر ت
100 1 _aرجب عزت
245 1 0 _aتاريخ الاثاث من اقدم العصور /
_cرجب عزت
260 _a[S.N] :
_bالهيئة المصرية العامة للكتاب ،
_c1987
300 _a387
490 _a
650 0 4 _aالصناعات الخشبية
650 0 4 _aالزخرفة
650 0 4 _aالاثاث
650 0 4 _aحفر الخشب
650 0 4 _aالكراسى
650 0 4 _aنحت الخشب
650 0 4 _aالاثاث الخشبى
650 0 4 _aالمناضد
942 _2ddc
_cBK
999 _c30330
_d30330